000 01137naa a22002897a 4500
001 BR7703195
003 BR-BrBNA
005 20240918173959.0
007 ta
008 230509b bl.||||| |||| 00| 0 por d
040 _aBR-BrBNA
_bpor
_cBiblioteca Nacional de Agricultura
041 _a(Pt)
072 _aP00
_b/G514
090 _aP00 BR7703195
100 1 _aSiqueira, P.B.
245 1 _aLevantamento regional das organizacoes federais, estaduais, municipais e empresariais, acao necessaria para implantacao de atividades basicas relacionadas com os recursos faunisticos [Brasil]
260 3 _aBrasilia, DF (Brasil):
_c1977.
500 _aEncontros Regionais sobre Conservacao da Fauna e Recursos Faunisticos Brasilia, DF (Brasil): 1977. p. 279-291 (BR7703195-AM)P00
650 _aRecurso natural
650 _aFauna
650 _aEcologia
650 _aInstituicao de pesquisa
650 _aProjeto de pesquisa
773 0 _tEncontros Regionais sobre Conservacao da Fauna e Recursos Faunisticos
_wP00 BR7703195
_gBrasilia, DF (Brasil), 1977. p. 279-291
909 _a202404
_bLucia
_c55
_dLucia Elande
942 _cAM
_2AGRIS
999 _c308117
_d308117